| 000 | 00401cam a2200169ua 4500 | ||
|---|---|---|---|
| 020 | _cRS.5/- | ||
| 041 |
_ahin _h |
||
| 082 |
_a891.43 _bJAY/KA |
||
| 100 | _aJayasankar , Prasad . | ||
| 245 |
_aKamayani / _cJayasankar prasad. _hTextual Documents |
||
| 260 |
_a : _bBharat bhandar , _c1970. |
||
| 300 | _a306 ; . | ||
| 365 | _aRS.5/- | ||
| 504 | _a | ||
| 942 | _cBK | ||
| 999 |
_c12294 _d12294 |
||